[Event "Beer Sheva it"]
[Site "Beer Sheva ISR"]
[Date "1978.??.??"]
[Round "1"]
[White "Veinger, Itzhak"]
[Black "Kagan, Shimon"]
[Result "1-0"]
[WhiteElo "2470"]
[BlackElo "2465"]
[EventDate "1978.02.18"]
[PlyCount "62"]

1.e4 c5 2.g3 Nc6 3.Bg2 g6 4.Ne2 Bg7 5.O-O e6 6.c4 a6 7.Nbc3 Rb8 8.a3 b5 9.
cxb5 axb5 10.b4 d6 11.Rb1 Ba6 12.a4 cxb4 13.Nxb5 Nge7 14.d4 d5 15.exd5 
exd5 16.Bg5 f6 17.Bf4 Bxb5 18.Bxb8 Bxe2 19.Qxe2 Nxb8 20.Rxb4 Nc6 21.Rb7 
Qd6 22.Re1 Kf7 23.a5 Rd8 24.a6 Bf8 25.a7 Ra8 26.Qb5 Kg8 27.Rexe7 Bxe7 28.
Qxd5+ Kf8 29.Qxd6 Bxd6 30.Bxc6 Rc8 31.Rd7 1-0

[Event "Beer Sheva it"]
[Site "Beer Sheva ISR"]
[Date "1978.??.??"]
[Round "1"]
[White "Keene, Raymond Dennis"]
[Black "Kortschnoj, Viktor"]
[Result "1/2-1/2"]
[WhiteElo "2480"]
[BlackElo "2665"]
[EventDate "1978.02.18"]
[PlyCount "39"]

1.Nf3 g6 2.c4 Nf6 3.d4 Bg7 4.g3 O-O 5.Bg2 c6 6.Nc3 d6 7.O-O Qa5 8.h3 Be6 
9.d5 cxd5 10.Nd4 Bd7 11.cxd5 Rc8 12.Be3 Na6 13.a3 Qd8 14.Rc1 Be8 15.Qd2 
Nd7 16.b3 Nac5 17.Rb1 a5 18.a4 Qb6 19.Ncb5 Nf6 20.Rfc1 1/2-1/2

[Event "Beer Sheva it"]
[Site "Beer Sheva ISR"]
[Date "1978.??.??"]
[Round "1"]
[White "Formanek, Edward"]
[Black "Tatai, Stefano"]
[Result "1/2-1/2"]
[WhiteElo "2410"]
[BlackElo "2455"]
[EventDate "1978.02.18"]
[PlyCount "48"]

1.e4 e5 2.Nf3 Nc6 3.Bb5 a6 4.Ba4 d6 5.Bxc6+ bxc6 6.d4 f6 7.Nc3 Ne7 8.Be3 
Ng6 9.h4 h5 10.Qd3 Be7 11.O-O-O Bd7 12.Qc4 Qb8 13.dxe5 fxe5 14.Ng5 Bxg5 
15.Bxg5 Qb7 16.Rd3 Rb8 17.Rf3 Rf8 18.Rxf8+ Kxf8 19.b3 Qb4 20.Qxb4 Rxb4 21.
Rd1 Rb8 22.Ne2 Kg8 23.Rd3 Nf8 24.Bd2 1/2-1/2

[Event "Beer Sheva it"]
[Site "Beer Sheva ISR"]
[Date "1978.??.??"]
[Round "1"]
[White "Murey, Yaacov"]
[Black "Kraidman, Yair"]
[Result "1-0"]
[WhiteElo "2420"]
[BlackElo "2455"]
[EventDate "1978.02.18"]
[PlyCount "53"]

1.d4 Nf6 2.c4 c5 3.d5 d6 4.Nc3 g6 5.e4 Bg7 6.f4 O-O 7.Nf3 e6 8.dxe6 Bxe6 
9.Bd3 Nc6 10.f5 Bd7 11.O-O Ne5 12.Bg5 Bc6 13.Nxe5 dxe5 14.Nd5 Bxd5 15.exd5
Qb6 16.Qb3 e4 17.fxg6 fxg6 18.Be2 h6 19.Bh4 Kh7 20.Qc2 Rae8 21.Rad1 Nd7 
22.Rxf8 Rxf8 23.Qxe4 Qxb2 24.d6 Nf6 25.Qe7 Re8 26.Bxf6 Rxe7 27.Bxb2 1-0

[Event "Beer Sheva it"]
[Site "Beer Sheva ISR"]
[Date "1978.??.??"]
[Round "1"]
[White "Pasman, Michael"]
[Black "Lederman, Leon"]
[Result "0-1"]
[WhiteElo "2395"]
[BlackElo "2405"]
[EventDate "1978.02.18"]
[PlyCount "80"]

1.d4 d5 2.Bg5 h6 3.Bh4 Nf6 4.Bxf6 exf6 5.e3 Bd6 6.Bd3 O-O 7.Nd2 Re8 8.Qf3 
c6 9.O-O-O a5 10.g4 Na6 11.c3 a4 12.Ne2 Be6 13.h4 a3 14.b3 Be7 15.Qg3 c5 
16.g5 fxg5 17.hxg5 Bxg5 18.f4 Bf6 19.Rxh6 Rc8 20.Rdh1 Kf8 21.Rh8+ Ke7 22.
Rxe8+ Qxe8 23.f5 Bd7 24.e4 Kd8 25.e5 Be7 26.e6 fxe6 27.fxe6 Bxe6 28.Nf4 
Bf7 29.Ng6 cxd4 30.Rh8 Rxc3+ 31.Kd1 Bxg6 32.Rxe8+ Bxe8 33.Nb1 Bh5+ 34.Kd2 
Rc7 35.Bxa6 bxa6 36.Kd3 g5 37.Kxd4 Bc5+ 38.Kxd5 Bf7+ 39.Ke4 Bg6+ 40.Kd5 
0-1

[Event "Beer Sheva it"]
[Site "Beer Sheva ISR"]
[Date "1978.??.??"]
[Round "1"]
[White "Stean, Michael Francis"]
[Black "Birnboim, Nathan"]
[Result "1-0"]
[WhiteElo "2510"]
[BlackElo "2465"]
[EventDate "1978.02.18"]
[PlyCount "80"]

1.c4 Nf6 2.Nf3 c6 3.Nc3 d5 4.e3 Bf5 5.cxd5 cxd5 6.Qb3 Qd7 7.Ne5 Qc7 8.Bb5+
Nc6 9.Nxc6 bxc6 10.Nxd5 Qd7 11.Nxf6+ gxf6 12.Bc4 e5 13.O-O Rg8 14.f3 Bd6 
15.Qd1 Bc5 16.Qe2 O-O-O 17.a3 Rg6 18.b4 Bd4 19.Ra2 Bh3 20.Rf2 Rdg8 21.g3 
Bb6 22.b5 cxb5 23.Bxb5 Qc7 24.Qc4 Be6 25.Qxc7+ Kxc7 26.Rc2+ Kb8 27.Bb2 h5 
28.Kf1 Rd8 29.Ke2 h4 30.g4 e4 31.h3 f5 32.Be5+ Kb7 33.gxf5 Bxf5 34.fxe4 
Bxh3 35.Rxf7+ Ka8 36.Bc6+ Rxc6 37.Rxc6 Ba5 38.Bd4 Bg4+ 39.Ke1 Bd7 40.Rd6 
1-0

[Event "Beer Sheva it"]
[Site "Beer Sheva ISR"]
[Date "1978.??.??"]
[Round "2"]
[White "Bleiman, Yaacov"]
[Black "Murey, Yaacov"]
[Result "1-0"]
[WhiteElo "2440"]
[BlackElo "2420"]
[EventDate "1978.02.18"]
[PlyCount "84"]

1.d4 Nf6 2.c4 e6 3.Nc3 Bb4 4.Bg5 h6 5.Bh4 c5 6.d5 e5 7.e3 Qa5 8.Qc2 Bxc3+ 
9.bxc3 d6 10.Bd3 Nbd7 11.Ne2 O-O 12.O-O Re8 13.f3 e4 14.fxe4 Ng4 15.Qd2 
Nde5 16.Bg3 Qa4 17.h3 Nxd3 18.Qxd3 Ne5 19.Bxe5 Rxe5 20.Ng3 b6 21.Qe2 Qe8 
22.Rf4 Rb8 23.Qf3 Rb7 24.a4 Rbe7 25.Kh2 f6 26.Qf1 Rg5 27.Ra2 h5 28.Qf3 
Rge5 29.Rh4 Ba6 30.Qe2 g6 31.Qf1 Kg7 32.Rf4 Rg5 33.Raf2 Qxa4 34.h4 Rge5 
35.Rxf6 Bxc4 36.Rxg6+ Kxg6 37.Rf6+ Kh7 38.Qf4 Rg7 39.Nf5 Qd7 40.Nxg7 Qg4 
41.Qh6+ Kg8 42.Nf5 1-0

[Event "Beer Sheva it"]
[Site "Beer Sheva ISR"]
[Date "1978.??.??"]
[Round "2"]
[White "Kraidman, Yair"]
[Black "Keene, Raymond Dennis"]
[Result "0-1"]
[WhiteElo "2455"]
[BlackElo "2480"]
[EventDate "1978.02.18"]
[PlyCount "86"]

1.d4 e6 2.c4 Nf6 3.Nc3 Bb4 4.e3 b6 5.Bd3 Bb7 6.Nf3 Ne4 7.Qc2 f5 8.O-O Bxc3
9.bxc3 O-O 10.Bb2 c5 11.Rad1 d6 12.d5 exd5 13.cxd5 Bxd5 14.c4 Bb7 15.Bxe4 
fxe4 16.Qc3 Qe7 17.Nh4 Rf7 18.g3 Nc6 19.Rd2 Ne5 20.Rfd1 Raf8 21.Ba1 Nd3 
22.Rf1 Ba6 23.Qb3 Qe6 24.Rc2 b5 25.Qa3 Qc8 26.Ng2 bxc4 27.Nf4 Nxf4 28.exf4
d5 29.Re1 d4 30.Rxe4 Bb7 31.Re5 Qc6 32.f3 c3 33.Rf2 Rf5 34.Re7 R5f7 35.Re5
Rc8 36.Qb3 c4 37.Qd1 Rd7 38.Qe1 h6 39.f5 Rf8 40.g4 c2 41.Qd2 Qa4 42.Qxc2 
Qxc2 43.Rxc2 c3 0-1

[Event "Beer Sheva it"]
[Site "Beer Sheva ISR"]
[Date "1978.??.??"]
[Round "2"]
[White "Tatai, Stefano"]
[Black "Birnboim, Nathan"]
[Result "1-0"]
[WhiteElo "2455"]
[BlackElo "2465"]
[EventDate "1978.02.18"]
[PlyCount "110"]

1.d4 d5 2.c4 c6 3.cxd5 cxd5 4.Nc3 e6 5.Bf4 Nc6 6.e3 Bd6 7.Bxd6 Qxd6 8.Bd3 
Nf6 9.f4 h6 10.Nf3 g5 11.Qd2 Bd7 12.O-O Rg8 13.Nb5 Qb8 14.fxg5 hxg5 15.
Nxg5 Ng4 16.Nf3 a6 17.Nc3 f5 18.Ne2 Qd6 19.h3 Nf6 20.Rac1 Ke7 21.a3 Rg7 
22.Qc3 Nh5 23.Qc5 Rag8 24.Rf2 Qxc5 25.Rxc5 Kd6 26.b4 a5 27.b5 Na7 28.a4 
Nc8 29.Ne5 Nb6 30.Bc2 Be8 31.Kh2 Nf6 32.Nf4 Ne4 33.Bxe4 fxe4 34.Ra2 Rg5 
35.Rc1 R8g7 36.g4 Rxe5 37.dxe5+ Kxe5 38.Kg3 Kd6 39.Ne2 Bg6 40.Nd4 Nc4 41.
Rc3 e5 42.Nb3 Bf7 43.Rac2 Be6 44.Nd2 Nb6 45.Ra3 Rg8 46.Ra1 Rf8 47.Rf1 Rxf1
48.Nxf1 d4 49.h4 Nd5 50.h5 Nf6 51.h6 Bf7 52.g5 Nh7 53.Kg4 Bg6 54.Rc8 Bf7 
55.Rh8 1-0

[Event "Beer Sheva it"]
[Site "Beer Sheva ISR"]
[Date "1978.??.??"]
[Round "2"]
[White "Lederman, Leon"]
[Black "Stean, Michael Francis"]
[Result "1/2-1/2"]
[WhiteElo "2405"]
[BlackElo "2510"]
[EventDate "1978.02.18"]
[PlyCount "82"]

1.e4 c5 2.Nf3 d6 3.d4 cxd4 4.Nxd4 Nf6 5.Nc3 a6 6.Bg5 e6 7.f4 Qb6 8.Nb3 Be7
9.Qf3 Nbd7 10.O-O-O Qc7 11.Bh4 b5 12.a3 Rb8 13.g4 h6 14.Bg3 g5 15.h4 gxf4 
16.Bxf4 h5 17.g5 Ng4 18.Qg3 Nge5 19.Bh3 Nf8 20.Nd4 Nfg6 21.Be3 b4 22.axb4 
Rxb4 23.Bf1 Bb7 24.Qh3 Ng4 25.Be2 Nxe3 26.Qxe3 Qb6 27.b3 e5 28.Nf5 Qxe3+ 
29.Nxe3 Bxe4 30.Rh2 Bb7 31.Nf5 Nxh4 32.Nxd6+ Bxd6 33.Rxd6 Nf3 34.Rh6 Rg8 
35.R2xh5 Nxg5 36.Bxa6 Bf3 37.Rh2 Rd4 38.Nb5 Rd1+ 39.Kb2 Ke7 40.c4 Ne6 41.
Nc3 1/2-1/2

[Event "Beer Sheva it"]
[Site "Beer Sheva ISR"]
[Date "1978.??.??"]
[Round "2"]
[White "Kagan, Shimon"]
[Black "Liberzon, Vladimir"]
[Result "1/2-1/2"]
[WhiteElo "2465"]
[BlackElo "2555"]
[EventDate "1978.02.18"]
[PlyCount "50"]

1.e4 c5 2.Nf3 e6 3.d4 cxd4 4.Nxd4 Nf6 5.Bd3 Nc6 6.Nxc6 bxc6 7.O-O d5 8.Nd2
Be7 9.c4 O-O 10.Qc2 g6 11.Nf3 Bb7 12.e5 Nd7 13.Bh6 Re8 14.Rad1 Nc5 15.Qc1 
f5 16.exf6 Bxf6 17.Bb1 Na4 18.Rd3 e5 19.Ng5 e4 20.Rb3 Nc5 21.Rg3 Ne6 22.
Nxe6 Rxe6 23.Rd1 Qe7 24.a3 Kh8 25.Ba2 1/2-1/2

[Event "Beer Sheva it"]
[Site "Beer Sheva ISR"]
[Date "1978.??.??"]
[Round "2"]
[White "Formanek, Edward"]
[Black "Veinger, Itzhak"]
[Result "1-0"]
[WhiteElo "2410"]
[BlackElo "2470"]
[EventDate "1978.02.18"]
[PlyCount "68"]

1.e4 e6 2.d4 d5 3.e5 c5 4.c3 Bd7 5.Nf3 Qb6 6.a3 c4 7.Nbd2 Ne7 8.Bxc4 Ng6 
9.Bf1 Nc6 10.h4 Na5 11.h5 Ne7 12.b4 Nac6 13.h6 f6 14.Bd3 O-O-O 15.b5 Na5 
16.a4 Ng6 17.Nb3 Kb8 18.Nxa5 Qxa5 19.Bd2 Qc7 20.a5 fxe5 21.b6 axb6 22.axb6
Qxb6 23.Bxg6 hxg6 24.Nxe5 Be8 25.O-O gxh6 26.Qe2 Bb5 27.c4 Bxc4 28.Nxc4 
dxc4 29.Ba5 Qd6 30.Bxd8 Qxd8 31.Qxc4 Bd6 32.Qa2 Kc7 33.Qxe6 Bf4 34.Qf7+ 
1-0

[Event "Beer Sheva it"]
[Site "Beer Sheva ISR"]
[Date "1978.??.??"]
[Round "3"]
[White "Veinger, Itzhak"]
[Black "Tatai, Stefano"]
[Result "1/2-1/2"]
[WhiteElo "2470"]
[BlackElo "2455"]
[EventDate "1978.02.18"]
[PlyCount "24"]

1.e4 e5 2.Nf3 Nc6 3.Bc4 Be7 4.d4 d6 5.dxe5 dxe5 6.Qxd8+ Bxd8 7.Nc3 Bg4 8.
Bb5 f6 9.Be3 Ne7 10.O-O-O a6 11.Be2 Ng6 12.g3 h5 1/2-1/2

[Event "Beer Sheva it"]
[Site "Beer Sheva ISR"]
[Date "1978.??.??"]
[Round "3"]
[White "Liberzon, Vladimir"]
[Black "Formanek, Edward"]
[Result "1-0"]
[WhiteElo "2555"]
[BlackElo "2410"]
[EventDate "1978.02.18"]
[Source "Chesstempo"]
[PlyCount "97"]

1.e4 c5 2.Nf3 d6 3.d4 cxd4 4.Nxd4 Nf6 5.Nc3 e6 6.g4 h6 7.Rg1 Nc6 8.h4 d5 
9.Bb5 Bd7 10.exd5 Nxd5 11.Nxd5 exd5 12.Qe2+ Be7 13.Nf5 Bxf5 14.gxf5 Kf8 
15.c3 Bf6 16.Be3 d4 17.O-O-O Qa5 18.Bxc6 Qxa2 19.Bxd4 Bxd4 20.Qg4 Bf6 21.
Qb4+ Kg8 22.Bd5 Qa1+ 23.Kc2 Qa6 24.Bxb7 Qe2+ 25.Rd2 Qe8 26.Bxa8 Qxa8 27.
Qc4 Kh7 28.Qxf7 Qe4+ 29.Kc1 Rb8 30.Rg6 Qxh4 31.Rxf6 Qxf6 32.Qxf6 gxf6 33.
Rd7+ Kg8 34.Rxa7 Rb5 35.b4 h5 36.Ra5 Rb8 37.Kd2 Kg7 38.Ke3 Kh6 39.Kf4 Rc8 
40.Rc5 Rg8 41.Rc6 Rg4+ 42.Ke3 Kg5 43.Rc8 h4 44.f3 Rf4 45.b5 Rxf5 46.c4 
Re5+ 47.Kd4 Kf4 48.b6 Re7 49.Rh8 1-0

[Event "Beer Sheva it"]
[Site "Beer Sheva ISR"]
[Date "1978.??.??"]
[Round "3"]
[White "Birnboim, Nathan"]
[Black "Lederman, Leon"]
[Result "1-0"]
[WhiteElo "2465"]
[BlackElo "2405"]
[EventDate "1978.02.18"]
[PlyCount "96"]

1.c4 c5 2.Nf3 b6 3.d4 cxd4 4.Nxd4 Bb7 5.Nc3 d6 6.e4 Nf6 7.Bd3 e6 8.O-O Be7
9.Qe2 O-O 10.f4 Nc6 11.Be3 Qc7 12.Rac1 Rad8 13.Kh1 Qb8 14.Nf3 Nd7 15.Bb1 
Nc5 16.a3 a5 17.Qc2 g6 18.f5 Rfe8 19.Bh6 Bf6 20.Ng5 Nd7 21.Qf2 Nce5 22.Qh4
Rc8 23.Qh3 Bxg5 24.Bxg5 exf5 25.exf5 Rxc4 26.Ba2 Rec8 27.Rce1 Qa8 28.Bxc4 
Rxc4 29.fxg6 hxg6 30.Rf4 b5 31.Rxc4 bxc4 32.Rxe5 dxe5 33.Qxd7 Bxg2+ 34.Kg1
Qf3 35.Qd1 Qc6 36.Qd8+ Kg7 37.Be7 Qf3 38.Bf6+ Qxf6 39.Qxf6+ Kxf6 40.Kxg2 
Ke6 41.Kf3 f5 42.h4 Kd6 43.Nd1 Kd5 44.Ne3+ Kd4 45.Ke2 f4 46.Nf5+ gxf5 47.
h5 f3+ 48.Kf1 1-0

[Event "Beer Sheva it"]
[Site "Beer Sheva ISR"]
[Date "1978.??.??"]
[Round "3"]
[White "Stean, Michael Francis"]
[Black "Kortschnoj, Viktor"]
[Result "0-1"]
[WhiteElo "2510"]
[BlackElo "2665"]
[EventDate "1978.02.18"]
[PlyCount "122"]

1.Nf3 Nf6 2.d4 b6 3.Bg5 Bb7 4.Bxf6 exf6 5.g3 Qe7 6.Bg2 Qb4+ 7.Nbd2 Qxb2 8.
O-O Qa3 9.Nc4 Qa4 10.Qd3 Na6 11.Qe3+ Be7 12.c3 d5 13.Nb2 Qd7 14.a4 O-O 15.
a5 Rfe8 16.Qd2 Rad8 17.Rfb1 Nb8 18.Nd3 Qc8 19.Nb4 Qd7 20.Ne1 Bxb4 21.cxb4 
Ba6 22.e3 Bc4 23.Nd3 Nc6 24.Nb2 Bb5 25.Bf1 Bxf1 26.Rxf1 Re6 27.Nd3 Ne7 28.
Rfc1 Rc6 29.b5 Rc4 30.Rcb1 Qf5 31.Rc1 h5 32.Nb2 Rxc1+ 33.Rxc1 Qd7 34.Nd3 
Rc8 35.Qb4 g5 36.Kf1 Kg7 37.Ke2 Nf5 38.Qb3 Re8 39.Kf1 h4 40.g4 Nd6 41.Qxd5
Qxb5 42.Qxb5 Nxb5 43.Rb1 Nc3 44.Rc1 Nd5 45.Ke2 Kf8 46.Kf3 Rc8 47.e4 Ne7 
48.Ke3 c5 49.dxc5 bxa5 50.e5 fxe5 51.Nxe5 f6 52.Nd3 Nc6 53.Ke4 Rd8 54.f4 
Rd4+ 55.Ke3 Ra4 56.h3 Ke7 57.fxg5 fxg5 58.Nf2 Ra3+ 59.Ke4 a4 60.Rc2 a5 61.
Re2 Ke6 0-1

[Event "Beer Sheva it"]
[Site "Beer Sheva ISR"]
[Date "1978.??.??"]
[Round "4"]
[White "Bleiman, Yaacov"]
[Black "Pasman, Michael"]
[Result "1-0"]
[WhiteElo "2440"]
[BlackElo "2395"]
[EventDate "1978.02.18"]
[PlyCount "128"]

1.d4 Nf6 2.c4 e6 3.Nc3 c5 4.d5 exd5 5.cxd5 d6 6.e4 g6 7.Bd3 Bg7 8.Nge2 O-O
9.O-O b6 10.Bg5 h6 11.Bh4 Ba6 12.f4 c4 13.Bc2 Qc7 14.Bxf6 Bxf6 15.e5 dxe5 
16.f5 g5 17.Ne4 Nd7 18.N2c3 b5 19.a3 Qb6+ 20.Kh1 Bb7 21.h4 Kg7 22.Qe2 Rae8
23.Rad1 a6 24.Rd2 Nc5 25.Qe3 Na4 26.Qxb6 Nxb6 27.Nxf6 Kxf6 28.Ne4+ Ke7 29.
d6+ Kd8 30.Nc5 Bc6 31.d7 Re7 32.Rd6 Kc7 33.Rfd1 Nxd7 34.Nxa6+ Kb7 35.Nb4 
Nb8 36.Nxc6 Nxc6 37.Be4 Rc7 38.Rxh6 gxh4 39.Rf6 Kb6 40.Rd5 Re8 41.Kh2 Rec8
42.Kh3 Ka5 43.Kxh4 Rd8 44.g4 Rxd5 45.Bxd5 Nd8 46.Rd6 Nb7 47.Rf6 Ka4 48.g5 
Kb3 49.Rb6 Nd6 50.Rxd6 Kxb2 51.Rb6 Rc5 52.Bc6 c3 53.Bxb5 Kxa3 54.Bd3 e4 
55.Bc2 Rxf5 56.Rb3+ Ka2 57.Rxc3 Kb2 58.Rc4 Rf4+ 59.Kh5 f5 60.g6 e3 61.Bd3 
Rf2 62.g7 Rg2 63.Kh6 Kb3 64.Rc5 1-0

[Event "Beer Sheva it"]
[Site "Beer Sheva ISR"]
[Date "1978.??.??"]
[Round "4"]
[White "Formanek, Edward"]
[Black "Murey, Yaacov"]
[Result "0-1"]
[WhiteElo "2410"]
[BlackElo "2420"]
[EventDate "1978.02.18"]
[PlyCount "110"]

1.e4 c5 2.Nf3 d6 3.d4 cxd4 4.Nxd4 Nf6 5.Nc3 a6 6.f4 Bg4 7.Be2 Bxe2 8.Qxe2 
e6 9.f5 e5 10.Nb3 h6 11.Be3 Nbd7 12.O-O-O Rc8 13.Bf2 b5 14.Kb1 Qc7 15.Rhe1
Be7 16.g4 Qc4 17.h3 Qxe2 18.Rxe2 g5 19.fxg6 fxg6 20.a4 bxa4 21.Nxa4 g5 22.
Na5 h5 23.gxh5 Nxh5 24.Nb7 Nf4 25.Red2 Nf6 26.Nc3 Rxc3 27.Nxd6+ Bxd6 28.
Rxd6 Rf3 29.Rd8+ Kf7 30.Rxh8 Rxf2 31.Rd6 Kg7 32.Rb8 Nxh3 33.Rb7+ Kg6 34.c4
g4 35.c5 g3 36.Rb3 g2 37.Rg3+ Kf7 38.c6 Ne8 39.Rd7+ Kf6 40.Rd8 Rf1+ 41.Kc2
g1=Q 42.Rxg1 Rxg1 43.Rxe8 Rg7 44.Ra8 Rc7 45.Rxa6 Nf2 46.Kc3 Nxe4+ 47.Kc4 
Ke6 48.b4 Nd6+ 49.Kc5 Rh7 50.b5 Rh1 51.b6 Rb1 52.c7 Kd7 53.c8=Q+ Nxc8 54.
b7 Rxb7 55.Rh6 Ra7 0-1

[Event "Beer Sheva it"]
[Site "Beer Sheva ISR"]
[Date "1978.??.??"]
[Round "4"]
[White "Tatai, Stefano"]
[Black "Lederman, Leon"]
[Result "1-0"]
[WhiteElo "2455"]
[BlackElo "2405"]
[EventDate "1978.02.18"]
[PlyCount "50"]

1.e4 c5 2.Nf3 d6 3.d4 cxd4 4.Nxd4 Nf6 5.Nc3 a6 6.Bg5 e6 7.f4 Qb6 8.Qd2 
Qxb2 9.Rb1 Qa3 10.f5 Nc6 11.fxe6 fxe6 12.Nxc6 bxc6 13.e5 Nd7 14.Be2 d5 15.
Rb3 Qa5 16.O-O Qc7 17.Na4 Nxe5 18.c4 Nf7 19.cxd5 cxd5 20.Rc1 Qd6 21.Nb6 
Nxg5 22.Qxg5 Qc5+ 23.Rxc5 Bxc5+ 24.Kh1 Bxb6 25.Qxg7 1-0

[Event "Beer Sheva it"]
[Site "Beer Sheva ISR"]
[Date "1978.??.??"]
[Round "4"]
[White "Veinger, Itzhak"]
[Black "Liberzon, Vladimir"]
[Result "1/2-1/2"]
[WhiteElo "2470"]
[BlackElo "2555"]
[EventDate "1978.02.18"]
[PlyCount "50"]

1.e4 c5 2.g3 d5 3.exd5 Qxd5 4.Nf3 Bg4 5.Bg2 Qe6+ 6.Kf1 Bh3 7.d4 cxd4 8.
Nxd4 Qc4+ 9.Kg1 Bxg2 10.Kxg2 Nc6 11.Nxc6 Qxc6+ 12.Qf3 Qxf3+ 13.Kxf3 e6 14.
Nc3 a6 15.Ne4 Be7 16.Bf4 Nf6 17.Nxf6+ Bxf6 18.Rhd1 Rd8 19.c3 Ke7 20.g4 h6 
21.h3 Bg5 22.Bc7 Rxd1 23.Rxd1 Rc8 24.Bd6+ Ke8 25.Be5 g6 1/2-1/2

[Event "Beer Sheva it"]
[Site "Beer Sheva ISR"]
[Date "1978.??.??"]
[Round "4"]
[White "Kraidman, Yair"]
[Black "Stean, Michael Francis"]
[Result "1/2-1/2"]
[WhiteElo "2455"]
[BlackElo "2510"]
[EventDate "1978.02.18"]
[PlyCount "24"]

1.d4 Nf6 2.c4 e6 3.Nf3 b6 4.g3 Ba6 5.Qc2 Bb4+ 6.Bd2 Bxd2+ 7.Nbxd2 c5 8.Bg2
Nc6 9.a3 Bb7 10.O-O Nxd4 11.Nxd4 Bxg2 12.Nxe6 1/2-1/2

[Event "Beer Sheva it"]
[Site "Beer Sheva ISR"]
[Date "1978.??.??"]
[Round "5"]
[White "Pasman, Michael"]
[Black "Kagan, Shimon"]
[Result "0-1"]
[WhiteElo "2395"]
[BlackElo "2465"]
[EventDate "1978.02.18"]
[PlyCount "40"]

1.Nf3 g6 2.c4 Bg7 3.g3 d6 4.Bg2 c5 5.d4 cxd4 6.Nxd4 Qb6 7.Nb5 Nc6 8.N1c3 
Nf6 9.O-O O-O 10.Be3 Qa5 11.Nd4 Ng4 12.Nxc6 bxc6 13.Bxc6 Qh5 14.h4 Nxe3 
15.fxe3 Rb8 16.Qd5 Be5 17.Rab1 Bf5 18.e4 Be6 19.Qd3 Bxc3 20.bxc3 Qc5+ 0-1

[Event "Beer Sheva it"]
[Site "Beer Sheva ISR"]
[Date "1978.??.??"]
[Round "5"]
[White "Murey, Yaacov"]
[Black "Veinger, Itzhak"]
[Result "1-0"]
[WhiteElo "2420"]
[BlackElo "2470"]
[EventDate "1978.02.18"]
[PlyCount "100"]

1.c4 Nf6 2.Nc3 e5 3.Nf3 Nc6 4.Qa4 Be7 5.g3 O-O 6.Bg2 a6 7.O-O d6 8.d3 Rb8 
9.Bd2 Bg4 10.Rfc1 Nd4 11.Qd1 Qd7 12.Nxd4 exd4 13.Nd5 Rfe8 14.Rc2 c6 15.
Nxe7+ Rxe7 16.f3 Bh3 17.Bxh3 Qxh3 18.Bf4 Re6 19.Qd2 Rbe8 20.Re1 Nh5 21.c5 
d5 22.Rf1 Rg6 23.Rf2 h6 24.Bc7 Re7 25.Bb8 Re8 26.Bc7 Qd7 27.Qa5 Re3 28.Bd6
Qh3 29.Qb4 Ree6 30.Bb8 Rg5 31.Qxd4 Reg6 32.Rg2 Nf6 33.Bf4 Rf5 34.Bd6 Ne8 
35.Qb4 b5 36.cxb6 Nxd6 37.b7 Nxb7 38.Qxb7 Rff6 39.Qxa6 Qe6 40.Qb6 Rxf3 41.
Rc1 Re3 42.Rxc6 Qxc6 43.Qxe3 d4 44.Qd2 h5 45.Rf2 h4 46.Qf4 hxg3 47.hxg3 f6
48.Qxd4 Qc1+ 49.Kg2 Kh8 50.Rf4 1-0

[Event "Beer Sheva it"]
[Site "Beer Sheva ISR"]
[Date "1978.??.??"]
[Round "5"]
[White "Stean, Michael Francis"]
[Black "Bleiman, Yaacov"]
[Result "0-1"]
[WhiteElo "2510"]
[BlackElo "2440"]
[EventDate "1978.02.18"]
[PlyCount "78"]

1.c4 c5 2.Nf3 g6 3.d4 Bg7 4.e4 d6 5.Nc3 Bg4 6.d5 Nf6 7.Be2 O-O 8.Bf4 Nbd7 
9.O-O Ne8 10.h3 Bxf3 11.Bxf3 Be5 12.Bd2 Ng7 13.Be2 f5 14.exf5 gxf5 15.f4 
Bd4+ 16.Kh1 Qe8 17.Bd3 Qg6 18.Qf3 Kh8 19.Rae1 Qf7 20.b3 a6 21.Ne2 Bb2 22.
Rb1 Qf6 23.g4 fxg4 24.Qxg4 Rad8 25.Rxb2 Ne5 26.Qg3 Nxd3 27.Bc3 Qg6 28.Rd2 
Ne5 29.Rf2 Nd7 30.Qh4 Nf6 31.Ng3 Rg8 32.f5 Nxf5 33.Rxf5 Qxg3 34.Bxf6+ exf6
35.Qxf6+ Qg7 36.Rg2 Qxf6 37.Rxf6 Rxg2 38.Kxg2 Rg8+ 39.Kf3 Rg6 0-1

[Event "Beer Sheva it"]
[Site "Beer Sheva ISR"]
[Date "1978.??.??"]
[Round "5"]
[White "Birnboim, Nathan"]
[Black "Kraidman, Yair"]
[Result "1-0"]
[WhiteElo "2465"]
[BlackElo "2455"]
[EventDate "1978.02.18"]
[PlyCount "118"]

1.d4 Nf6 2.c4 c5 3.Nf3 e6 4.d5 exd5 5.cxd5 d6 6.Nc3 g6 7.g3 Bg7 8.Bg2 O-O 
9.O-O Re8 10.Nd2 Na6 11.Nc4 Nc7 12.a4 Bf8 13.Re1 a6 14.e4 Rb8 15.f4 Bg4 
16.Qd3 b5 17.axb5 axb5 18.Na5 Bd7 19.Bd2 b4 20.Nd1 Bb5 21.Nc4 Nd7 22.Nde3 
Bg7 23.Qc2 Nb6 24.e5 dxe5 25.Nxe5 Qd6 26.Rac1 Na6 27.Kh1 Rbd8 28.b3 f6 29.
N5c4 Bxc4 30.Nxc4 Nxc4 31.Qxc4 f5 32.Re6 Rxe6 33.dxe6 Kf8 34.Be3 Bd4 35.
Bxd4 cxd4 36.Bb7 Nb8 37.Qc7 Qe7 38.Kg1 Qxc7 39.Rxc7 Re8 40.Bd5 Re7 41.Rc4 
Na6 42.Rc6 Ra7 43.Bc4 Nc7 44.Kf1 Ne8 45.Ke2 Ra2+ 46.Kd3 Rxh2 47.Rc8 Ke7 
48.Kxd4 Rd2+ 49.Kc5 Rd8 50.Rxd8 Kxd8 51.Kxb4 Nf6 52.Kc5 Ne4+ 53.Kc6 Nxg3 
54.b4 Ke7 55.b5 Ne4 56.b6 Nd6 57.Kd5 h6 58.Ba6 g5 59.b7 1-0

[Event "Beer Sheva it"]
[Site "Beer Sheva ISR"]
[Date "1978.??.??"]
[Round "5"]
[White "Lederman, Leon"]
[Black "Kortschnoj, Viktor"]
[Result "0-1"]
[WhiteElo "2405"]
[BlackElo "2665"]
[EventDate "1978.02.18"]
[PlyCount "58"]

1.e4 e6 2.d4 d5 3.Nc3 Bb4 4.e5 c5 5.a3 Bxc3+ 6.bxc3 Ne7 7.a4 Qa5 8.Bd2 
Nbc6 9.Nf3 Bd7 10.Be2 f6 11.c4 Qc7 12.exf6 gxf6 13.cxd5 Nxd5 14.dxc5 O-O-O
15.O-O e5 16.c3 Rhg8 17.Kh1 Nf4 18.Bc4 Rxg2 19.Bxf4 Rg4 20.Qe2 Rxf4 21.Nd2
Na5 22.f3 Nxc4 23.Nxc4 Qxc5 24.Nd2 Bf5 25.Ne4 Qc6 26.Rae1 Be6 27.Rg1 f5 
28.Ng5 Bd5 29.Rg3 h6 0-1

[Event "Beer Sheva it"]
[Site "Beer Sheva ISR"]
[Date "1978.??.??"]
[Round "5"]
[White "Keene, Raymond Dennis"]
[Black "Formanek, Edward"]
[Result "1/2-1/2"]
[WhiteElo "2480"]
[BlackElo "2410"]
[EventDate "1978.02.18"]
[PlyCount "28"]

1.Nf3 Nf6 2.c4 g6 3.d4 Bg7 4.g3 O-O 5.Bg2 c6 6.O-O d5 7.cxd5 cxd5 8.Nc3 
Ne4 9.Ne5 Nxc3 10.bxc3 Nc6 11.Nxc6 bxc6 12.Qa4 Qb6 13.Ba3 Qa6 14.Qxa6 
1/2-1/2

[Event "Beer Sheva it"]
[Site "Beer Sheva ISR"]
[Date "1978.??.??"]
[Round "6"]
[White "Liberzon, Vladimir"]
[Black "Murey, Yaacov"]
[Result "0-1"]
[WhiteElo "2555"]
[BlackElo "2420"]
[EventDate "1978.02.18"]
[PlyCount "76"]

1.e4 c5 2.Nf3 d6 3.d4 cxd4 4.Nxd4 Nf6 5.Nc3 e6 6.g4 e5 7.Bb5+ Bd7 8.Bxd7+ 
Qxd7 9.Nf5 h5 10.Bg5 Nh7 11.Bd2 hxg4 12.Qxg4 g6 13.Ne3 Bh6 14.O-O-O Nc6 
15.h4 Nd4 16.h5 Nf6 17.Qxd7+ Kxd7 18.hxg6 fxg6 19.Rhg1 Rag8 20.Ng4 Bxd2+ 
21.Rxd2 Nxg4 22.Rxg4 Rh1+ 23.Nd1 Ne6 24.c3 Nf4 25.Kc2 Ke6 26.Ne3 Re1 27.
Rh4 b5 28.Rh7 a5 29.Rb7 b4 30.cxb4 a4 31.Rc7 Rh8 32.Rc6 Rd8 33.Nc4 Ke7 34.
Nxd6 Ne2 35.Nc8+ Rxc8 36.Rxc8 Rc1+ 37.Kd3 Nf4+ 38.Ke3 Rxc8 0-1

[Event "Beer Sheva it"]
[Site "Beer Sheva ISR"]
[Date "1978.??.??"]
[Round "6"]
[White "Bleiman, Yaacov"]
[Black "Birnboim, Nathan"]
[Result "1-0"]
[WhiteElo "2440"]
[BlackElo "2465"]
[EventDate "1978.02.18"]
[PlyCount "64"]

1.d4 d5 2.Nf3 Nf6 3.c4 c6 4.Nc3 dxc4 5.a4 Bg4 6.Ne5 Bh5 7.g3 e6 8.Bg2 Bb4 
9.Nxc4 O-O 10.O-O Na6 11.h3 Qe7 12.g4 Bg6 13.Bg5 Rfd8 14.e3 Nc5 15.Ne5 
Ncd7 16.f4 c5 17.Qb3 cxd4 18.exd4 Nf8 19.Rad1 h6 20.Bh4 Rac8 21.Kh1 a5 22.
f5 Bh7 23.Ne4 exf5 24.gxf5 Bd6 25.Rde1 Bb4 26.Nxf6+ gxf6 27.Ng4 Bxe1 28.
Bxf6 Qxf6 29.Nxf6+ Kg7 30.Nxh7 Bh4 31.f6+ Kxh7 32.Qxf7+ 1-0

[Event "Beer Sheva it"]
[Site "Beer Sheva ISR"]
[Date "1978.??.??"]
[Round "6"]
[White "Formanek, Edward"]
[Black "Pasman, Michael"]
[Result "1-0"]
[WhiteElo "2410"]
[BlackElo "2395"]
[EventDate "1978.02.18"]
[PlyCount "94"]

1.e4 c6 2.d4 d5 3.Nc3 dxe4 4.Nxe4 Nf6 5.Nxf6+ gxf6 6.Bc4 Bf5 7.Nf3 Qc7 8.
c3 e6 9.Nh4 Bg6 10.Qf3 Nd7 11.Bf4 Bd6 12.Bg3 O-O-O 13.O-O f5 14.Bxd6 Qxd6 
15.Rfe1 Nf6 16.Qe2 Ng4 17.g3 c5 18.Rad1 cxd4 19.Rxd4 Qb6 20.Red1 Bh5 21.
Bb3 f4 22.Qc4+ Qc7 23.Rxf4 Ne5 24.Rxd8+ Rxd8 25.Qxc7+ Kxc7 26.Rd4 Rxd4 27.
cxd4 Nf3+ 28.Nxf3 Bxf3 29.Kf1 Kd6 30.Ke1 Bd5 31.Kd2 Bc6 32.Ke3 h6 33.Bc2 
b6 34.Kf4 Be8 35.g4 f6 36.Be4 Bf7 37.a3 Be8 38.h4 Bf7 39.Ke3 Be8 40.f4 Ke7
41.g5 hxg5 42.fxg5 fxg5 43.hxg5 Ba4 44.Kf4 Bd1 45.Bf3 Bc2 46.Ke5 Bb3 47.
Bh5 1-0